Trees : their natural history (Record no. 81429)

MARC details
000 -LEADER
fixed length control field 01011nam a2200217 a 4500
008 - FIXED-LENGTH DATA ELEMENTS--GENERAL INFORMATION
fixed length control field 120416s2000 ||||||||||||||||| || u
020 ## - INTERNATIONAL STANDARD BOOK NUMBER
International Standard Book Number 052145963X
050 ## - LIBRARY OF CONGRESS CALL NUMBER
Classification number QK 475 Tho
100 ## - MAIN ENTRY--PERSONAL NAME
Personal name Thomas, Peter, 1957-
245 10 - TITLE STATEMENT
Title Trees : their natural history
260 ## - PUBLICATION, DISTRIBUTION, ETC.
Place of publication, distribution, etc. Cambridge
Name of publisher, distributor, etc. Cambridge University Press
Date of publication, distribution, etc. 2000
300 ## - PHYSICAL DESCRIPTION
Extent ix, 286p. : ill.
350 ## -
-- 0.00
500 ## - GENERAL NOTE
General note Includes bibliographical references (p. 269-270).
650 ## - SUBJECT ADDED ENTRY--TOPICAL TERM
Topical term or geographic name entry element TREES
856 ## - ELECTRONIC LOCATION AND ACCESS
Uniform Resource Identifier http://www.loc.gov/catdir/samples/cam032/99015473.html
856 ## - ELECTRONIC LOCATION AND ACCESS
Uniform Resource Identifier http://www.loc.gov/catdir/toc/cam026/99015473.html
856 ## - ELECTRONIC LOCATION AND ACCESS
Uniform Resource Identifier http://www.loc.gov/catdir/description/cam029/99015473.html
995 ## -
-- MAIN LIBRARY OPEN ACCESS
-- 0.00
-- 731952
-- CBU-MAIN LIBRARY (Kitwe)
-- 1
-- 36.95
-- QK 475 Tho
-- 1
-- AVAILABLE
-- Apr 26, 2006
-- 029361
-- Main Library Open Access Collection
995 ## -
-- MAIN LIBRARY OPEN ACCESS
-- 0.00
-- 734562
-- CBU-MAIN LIBRARY (Kitwe)
-- 2
-- 36.95
-- QK 475 Tho
-- 2
-- AVAILABLE
-- May 29, 2006
-- 47984
-- Main Library Open Access Collection
999 ## -
-- 81429
-- 81429
Holdings
Withdrawn status Lost status Source of classification or shelving scheme Damaged status Not for loan Permanent Location Current Location Shelving location Date acquired Total Checkouts Full call number Barcode Date last seen Copy number Price effective from Koha item type
          CBU-MAIN LIBRARY, KITWE. CBU-MAIN LIBRARY, KITWE.   08/18/2023   QK 475 Tho 029361 08/18/2023 1 08/18/2023 MONOGRAPH
          CBU-MAIN LIBRARY, KITWE. CBU-MAIN LIBRARY, KITWE.   08/18/2023   QK 475 Tho 47984 08/18/2023 2 08/18/2023 MONOGRAPH